| 000 | 00658nam a2200241 a 4500 | ||
|---|---|---|---|
| 001 | nice12345678 | ||
| 003 | IN_TiNIC | ||
| 005 | 20260116014717.0 | ||
| 008 | 130219s2011 dela grp 000 0 eng | ||
| 020 |
_a9788180901942 _c750 |
||
| 082 | 0 | 0 |
_a294.592 _bGHO |
| 100 | _aGhose, Sri Aurobindo | ||
| 245 |
_aEssays on the Gita _b Sanskrit Verses in Devanagari & Roman Transliteration |
||
| 260 |
_aDelhi _bBharatiya Kala Prakashan _c2011 |
||
| 300 | _a408p | ||
| 500 | _aincludes index and biblioraphy | ||
| 505 | 2 | _aAppendices | |
| 650 | _aBhagavad Gita | ||
| 700 | 1 | _aGhose, Sri Aurobindo | |
| 902 | _bSRS | ||
| 942 | _cBK | ||
| 999 |
_c16582 _d16582 |
||